Handbook of video databases : design and applications
Saved in:
| Other Authors: | , |
|---|---|
| Format: | Book |
| Language: | English |
| Published: |
Boca Raton, Fla. :
CRC Press,
c2004
|
| Subjects: | |
| Tags: |
Add Tag
No Tags, Be the first to tag this record!
|
MARC
| LEADER | 00000nam a2200000 i 4500 | ||
|---|---|---|---|
| 001 | 1/95481 | ||
| 008 | 081015s2004 eng d | ||
| 020 | |a 0-8493-7006-X | ||
| 035 | |l 10100915 | ||
| 040 | |a GR-MY-UA |b gre |e aacr | ||
| 041 | 0 | |a eng | |
| 082 | 0 | |a 006.7 |2 (22) | |
| 245 | 1 | 0 | |a Handbook of video databases : |b design and applications / |c edited by Borko Furht, Oge Marques |
| 260 | |a Boca Raton, Fla. : |b CRC Press, |c c2004 | ||
| 300 | |a 1211 σ.; |b εικ.; |c 27 εκ. | ||
| 504 | |a Περιέχει βιβλιογραφικές παραπομπές και ευρετήριο | ||
| 650 | 0 | 0 | |a Optical storage devices. |
| 650 | 0 | 0 | |a Image processing |x Digital techniques. |
| 650 | 0 | 0 | |a Database management. |
| 650 | 0 | 0 | |a Image processing |x Databases. |
| 650 | 0 | 0 | |a Video recordings |x Databases. |
| 700 | 1 | |a Furht, Borivoje. |4 edt | |
| 700 | 1 | |a Marques, Oge. |4 edt | |
| 852 | |a INST |b SAMOS |e 20081015 |h 006.7 HAN |p 005300029833 |q 005300029833 |t BK |y 0 | ||
| 901 | |a BIBL3-2008-3 | ||
| 909 | |a Σ |b 134939 | ||
| 922 | |a 3ΕΛΗ |b 200612 |c ΕΠΕΑΕΚ2/ΜΕΤ-ΤΜΠΕΣ |d ΜΙΧΑΛΟΠΟΥΛΟΣ | ||
| 970 | |a ΡΟΥΣΣΟΥ |b ΚΩΝΣΤΑΝΤΙΝΑ |z 2008/10/15 | ||